Guess the One Direction song with no hints #10 - Statistics

General Stats
  • This quiz has been taken 2,269 times
    2,267 since last reset
  • The average score is 232 of 370
Answer Stats
Answer % Correct
I
99%
you
97%
me
88%
me)
88%
me,
88%
the
88%
And
85%
be
81%
to
81%
your
80%
no
78%
on
77%
go
76%
Oh,
75%
Oh.
75%
Oh
75%
oh
75%
in
73%
what
73%
baby,
71%
Baby,
71%
baby)
71%
is
71%
my
69%
that
68%
for
67%
I'm
67%
if
66%
this
65%
know
64%
by
61%
Yeah,
59%
But
57%
I'll
57%
never
57%
now
56%
All
55%
I've
55%
been
54%
ever
54%
got
54%
look
53%
(Look
53%
we're
53%
way
52%
you've
52%
done
50%
down
50%
get
50%
here
49%
gonna
46%
his
46%
leave
46%
hand
44%
keep
44%
life
44%
holding
43%
wanna
43%
about
42%
away?
42%
eyes?
42%
mind
42%
find
41%
Who's
41%
being
39%
days
39%
he's
39%
soon
39%
that's
39%
coming
38%
I'd
38%
man
38%
shadow
38%
Stockholm
38%
syndrome
38%
telling
38%
they'll
37%
tied
37%
used
37%
Used
37%
free
36%
getting
36%
held
36%
hostage?
36%
fell
35%
room
35%
talking
35%
own
34%
whisper
34%
there's
32%
changed
31%
home
30%
sing
30%
other
29%
place
29%
light
28%
alone
27%
Chorus
24%
fear
23%
together
23%
Bridge
22%
guide
20%
No matching quizzes found
Score Distribution
Percent of People with Each Score
Percentile by Number Answered
Your Score History
You have not taken this quiz since the last reset